“共和国勋章”获得者(简体中文版)Medal of the Republic Winners(S. Chinese Ver) - Statistics

General Stats
  • This quiz has been taken 108 times
  • The average score is 5 of 9
Answer Stats
颁奖仪式时间 获奖者 主要身份或贡献 % Correct
2019年9月29日 袁隆平 世界“杂交水稻之父”、中国工程院院士
90%
2019年9月29日 屠呦呦 青蒿素研究开发中心主任、著名药学家
90%
2019年9月29日 于敏 中国“氢弹之父”、著名核物理学家
85%
2020年9月8日 钟南山 中国工程院院士、著名呼吸病学专家
76%
2019年9月29日 黄旭华 “中国核潜艇之父”、核潜艇研究设计专家
46%
2019年9月29日 申纪兰 全国劳动模范、全国优秀共产党员
35%
2019年9月29日 孙家栋 中国航天“大总师”、我国“人造卫星技术和深空探测技术的开创者”
33%
2019年9月29日 李延年 “为建立新中国、保卫新中国作出重大贡献的战斗英雄”
33%
2019年9月29日 张富清 西北野战军“特等功”获得者、战斗英雄
33%
No matching quizzes found
Score Distribution
Percent of People with Each Score
Percentile by Number Answered
Your Score History
You have not taken this quiz